Statistics for NFL Teams Most Likely To Make the Playoffs (10/30/19)

Click here to take the quiz!

General Stats

  • This quiz has been taken 56 times
  • The average score is 9 of 10

Answer Stats

Odds Record Team % Correct
>99%8-0New England Patriots
100%
92%7-0San Francisco 49ers
98%
97%7-1New Orleans Saints
94%
92%7-1Green Bay Packers
94%
84%5-2Baltimore Ravens
94%
74%6-2Minnesota Vikings
92%
84%5-3Kansas City Chiefs
86%
70%5-3Houston Texans
84%
64%5-2Buffalo Bills
76%
71%5-2Indianapolis Colts
65%

Score Distribution

Percentile by Number Answered

Percent of People with Each Score

Your Score History

You have not taken this quiz